विश्वका राष्ट्रिय गान/ viswaka rastriya gan (Record no. 111086)
[ view plain ]
| 000 -LEADER | |
|---|---|
| fixed length control field | 00620nam a22001457a 4500 |
| 008 - FIXED-LENGTH DATA ELEMENTS--GENERAL INFORMATION | |
| fixed length control field | 231219b |||||||| |||| 00| 0 eng d |
| 020 ## - INTERNATIONAL STANDARD BOOK NUMBER | |
| International Standard Book Number | 9789937137775 |
| 082 ## - DEWEY DECIMAL CLASSIFICATION NUMBER | |
| Classification number | N782.42/D113b |
| 100 ## - MAIN ENTRY--PERSONAL NAME | |
| Personal name | ढकाल, विप्लव 'सम्पा.'/ Dhakal,Biplab |
| 245 ## - TITLE STATEMENT | |
| Title | विश्वका राष्ट्रिय गान/ viswaka rastriya gan |
| 260 ## - PUBLICATION, DISTRIBUTION, ETC. | |
| Place of publication, distribution, etc. | काठमाडौं: |
| Name of publisher, distributor, etc. | नेपाल वाङ्मय फाउन्डेसन, |
| Date of publication, distribution, etc. | २०८०वि. |
| 300 ## - PHYSICAL DESCRIPTION | |
| Other physical details | २३४ पृ.;सचित्र |
| 650 ## - SUBJECT ADDED ENTRY--TOPICAL TERM | |
| Topical term or geographic name entry element | राष्ट्रिय गीतहरु |
| 942 ## - ADDED ENTRY ELEMENTS (KOHA) | |
| Source of classification or shelving scheme | Dewey Decimal Classification |
| Koha item type | Closed Section |
| Withdrawn status | Lost status | Source of classification or shelving scheme | Damaged status | Not for loan | Home library | Current library | Date acquired | Total Checkouts | Full call number | Barcode | Date last seen | Price effective from | Koha item type | Shelving location |
|---|---|---|---|---|---|---|---|---|---|---|---|---|---|---|
| Dewey Decimal Classification | Tribhuvan University Central Library | Tribhuvan University Central Library | 12/19/2023 | N782.42/D113b | 167588 | 12/19/2023 | 12/19/2023 | Closed Section | ||||||
| Dewey Decimal Classification | Tribhuvan University Central Library | Tribhuvan University Central Library | 12/19/2023 | N782.42/D113b | 167589 | 12/19/2023 | 12/19/2023 | General Collections | New Building | |||||
| Dewey Decimal Classification | Tribhuvan University Central Library | Tribhuvan University Central Library | 12/19/2023 | N782.42/D113b | 167590 | 12/19/2023 | 12/19/2023 | General Collections | New Building | |||||
| Dewey Decimal Classification | Tribhuvan University Central Library | Tribhuvan University Central Library | 12/19/2023 | N782.42/D113b | 167591 | 12/19/2023 | 12/19/2023 | General Collections | New Building | |||||
| Dewey Decimal Classification | Tribhuvan University Central Library | Tribhuvan University Central Library | 12/19/2023 | N782.42/D113b | 167592 | 12/19/2023 | 12/19/2023 | General Collections | New Building |
